HTML Color Names Quiz Stats

 Plays Quiz Updated Mar 13, 2020

Support Sporcle.
Go Orange.
Score 0/140 Timer 15:00
0 Plays Today
Color % Correct
Red
93.8%
Blue
93.8%
White
91.9%
Green
91.3%
Purple
89.2%
Black
88.9%
Yellow
88.6%
Orange
88.2%
Pink
82.7%
Gray
80.2%
Brown
76.5%
Violet
69.8%
Lime
61%
Navy
58.2%
Magenta
56%
Tan
56%
Teal
55.7%
Aqua
54.2%
Gold
54%
Indigo
52.9%
LightBlue
52.8%
Beige
52.1%
Maroon
49.9%
DarkBlue
49.6%
Silver
49.5%
Turquoise
47.6%
LightGreen
47.5%
DarkGreen
46.2%
Cyan
46%
SkyBlue
43.8%
Olive
40.9%
Lavender
39.5%
DarkRed
38.6%
LightGray
36.7%
DarkGray
36.4%
LightPink
34.6%
Salmon
34.1%
DarkOrange
31.4%
ForestGreen
31.1%
HotPink
29.1%
LightYellow
28.9%
Aquamarine
28.7%
Crimson
27.1%
RoyalBlue
26.5%
Khaki
22.9%
YellowGreen
22.8%
Ivory
22.5%
Color % Correct
Coral
22.4%
SeaGreen
21.8%
Fuchsia
20.8%
Chartreuse
20.4%
OrangeRed
19.9%
Sienna
19.8%
Plum
18.9%
DarkViolet
18.8%
Azure
18.3%
GoldenRod
17.9%
Chocolate
17.3%
LimeGreen
16%
GreenYellow
15.9%
MidnightBlue
14.6%
Snow
13.8%
DarkMagenta
13.8%
DarkCyan
13.6%
Orchid
13.5%
LightSalmon
13.2%
DarkSalmon
12.9%
LightCyan
12.9%
BlueViolet
12.8%
DarkTurquoise
11.8%
SlateGray
11%
MediumBlue
10.7%
PaleGreen
10.3%
Tomato
10%
CornflowerBlue
9.9%
DarkKhaki
9.7%
LightCoral
9.6%
SlateBlue
9.4%
DeepPink
9.4%
MediumPurple
9.2%
AliceBlue
9.2%
DarkGoldenRod
9.1%
DarkSeaGreen
8.9%
AntiqueWhite
8.9%
Bisque
8.9%
CadetBlue
8.8%
LightSkyBlue
8.7%
SpringGreen
8.7%
DarkOrchid
8.6%
DarkOliveGreen
8.3%
LightSeaGreen
8.3%
Wheat
8.3%
FireBrick
8.2%
PowderBlue
8.2%
Color % Correct
SteelBlue
8.1%
OliveDrab
8%
IndianRed
7.8%
Linen
7.8%
DarkSlateGray
7.7%
HoneyDew
7.7%
DarkSlateBlue
7.6%
LemonChiffon
7.5%
Thistle
7.4%
LawnGreen
7.3%
PeachPuff
7.3%
LightSlateGray
7.1%
SeaShell
7.1%
Peru
7%
MediumTurquoise
6.9%
Moccasin
6.9%
MediumSeaGreen
6.8%
Cornsilk
6.8%
MintCream
6.7%
MediumOrchid
6.7%
GhostWhite
6.6%
BlanchedAlmond
6.6%
NavajoWhite
6.6%
OldLace
6.6%
DodgerBlue
6.6%
PapayaWhip
6.4%
DeepSkyBlue
6.4%
BurlyWood
6.3%
Gainsboro
6.2%
MediumAquaMarine
6.1%
MediumSlateBlue
6.1%
RosyBrown
6.1%
MistyRose
5.9%
LightSteelBlue
5.9%
MediumVioletRed
5.9%
PaleGoldenRod
5.9%
SaddleBrown
5.9%
LavenderBlush
5.9%
DimGray
5.8%
MediumSpringGreen
5.8%
LightGoldenRodYellow
5.7%
FloralWhite
5.7%
SandyBrown
5.7%
PaleTurquoise
5.6%
WhiteSmoke
5.5%
PaleVioletRed
5.4%

You're not logged in!

Compare scores with friends on all Sporcle quizzes.
OR
Log In
Forgot?

From the Vault

Missing Musician Antonyms

by Tom_the_Terrible

There are a handful of linguistic layers to this one.
Remove Ads.
Support Sporcle.
Get the best of Sporcle when you Go Orange. This ad-free experience offers more features, more stats, and more fun while also helping to support Sporcle. Thank you for becoming a member.

Show Comments

Extras

Top Quizzes Today


Score Distribution

Your Account Isn't Verified!

In order to create a playlist on Sporcle, you need to verify the email address you used during registration. Go to your Sporcle Settings to finish the process.

Report this User

Report this user for behavior that violates our Community Guidelines.

Details: